000 01173nam a2200373 c 4500
001
003 DO-SdBNP
005 20211115102030.0
007 02750
008 151021s1999 xx a | |||| 000 0 spa
015 _a
017 _a
_b
020 _a
035 _a
040 _aBPMSU
_bspa
_cBPMSU
_e
080 _a
082 _a658.15
_bG393r 1999
_222
240 _a
245 0 0 _aGestión de riesgos financieros:
_bun enfoque práctico para países latinoamericanos /
_cJosé A. Soler ... [et al.].
260 _aWashington, DC
_bBanco Interamericano de Desarrollo,
_c1999
300 _a xxii, 596 p. :
_b il. ;
_c24 cm
500 _aIncluye bibliografía e índice.
504 _aBibliográficas (p. 439-440).
650 4 _aGestión de riesgos.
_2
650 4 _aCorporaciones
_xFinanzas.
650 4 _aFinanzas internacionales.
650 4 _aGestión de riesgos
_zAmérica Latina
700 _aSoler Ramos, José A.
_q(José Antonio)
710 2 _aBanco Interamericano de Desarrollo.
910 _aVMateo V.
942 _2ddc
_cBK
945 _aInventariado extranjero / 2017 VM
956 _a VMATEO
_b10
_c20160601
_dBPMSU
_f0069
999 _c13872
_d13872